000 00323pam a2200133 a 4500
020 _c
041 _h
082 _bCHA
100 _aChatterji, M.
245 _aEnvironmental And Health In Dveloping Countries
_hTextual Documents
260 _aMumbai
_bA P H Publication Corporation
300 _a422/CB
930 _a10195
999 _c117020
_d117020